[Event "Wch U16"]
[Site "Montesilvano"]
[Date "2023.11.23"]
[Round "10"]
[White "Rohit, S3."]
[Black "Seyid, Huseyn"]
[Result "1/2-1/2"]
[WhiteElo "2223"]
[BlackElo "2130"]
[PlyCount "94"]
[EventDate "2023.11.13"]
[EventType "swiss"]
[EventRounds "11"]
[EventCountry "ITA"]
[SourceTitle "CB48_2023"]
[SourceDate "2023.11.29"]
[SourceVersion "1"]
[SourceVersionDate "2023.11.29"]
[SourceQuality "1"]

1. e4 c5 2. Nf3 Nc6 3. d4 cxd4 4. Nxd4 Nf6 5. Nc3 e6 6. Nxc6 bxc6 7. e5 Nd5 8. Ne4 Qc7 9. f4 Qb6 10. c4 Ne3 11. Qd3 Bb4+ 12. Bd2 Ba6 13. b3 0-0 14. Ke2 Bxd2 15. Qxd2 Nf5 16. Rd1 c5 17. Kf2 Bb7 18. Bd3 Rad8 19. Qe2 Bxe4 20. Qxe4 d5 21. exd6 Rxd6 22. Bc2 g6 23. Rxd6 Qxd6 24. Rd1 Qe7 25. g3 Rd8 26. Qe1 Rxd1 27. Qxd1 Nd4 28. Be4 a5 29. Qd2 Qc7 30. Bg2 Qb6 31. h3 Kf8 32. Qe3 Ke7 33. Qe5 Qd6 34. Qg5+ Kf8 35. Qe5 Qxe5 36. fxe5 Ke7 37. Be4 f6 38. exf6+ Kxf6 39. Ke3 h6 40. Bd3 g5 41. g4 Ke5 42. Bb1 Nc6 43. Be4 Ne7 44. Bb1 Ng8 45. Be4 Nf6 46. Bf3 Kd6 47. Be2 Ke5 1/2-1/2

[Event "EU-ch U16 31st"]
[Site "Mamaia"]
[Date "2023.09.07"]
[Round "3"]
[White "Nemec, Jachym"]
[Black "Seyid, Huseyn"]
[Result "1-0"]
[WhiteElo "2332"]
[BlackElo "2134"]
[PlyCount "49"]
[EventDate "2023.09.05"]
[EventType "swiss"]
[EventRounds "9"]
[EventCountry "ROU"]
[SourceTitle "EXT 2024"]
[Source "ChessBase"]
[SourceDate "2023.10.10"]
[SourceVersion "1"]
[SourceVersionDate "2023.10.10"]
[SourceQuality "1"]

1. d4 d5 2. c4 e6 3. Nf3 Nf6 4. g3 Be7 5. Bg2 0-0 6. 0-0 dxc4 7. Qc2 a6 8. a4 Nc6 9. Qxc4 Na5 10. Qc2 b6 11. Ne5 Bb7 12. Bxb7 Nxb7 13. Nc6 Qe8 14. Rd1 Bc5 15. Ne5 Bd6 16. Nd2 c5 17. Ndc4 Bc7 18. dxc5 bxc5 19. e4 h6 20. Be3 Rc8 21. f3 Bxe5 22. Nxe5 Qe7 23. Nc4 Nd5 24. exd5 exd5 25. Rxd5 1-0

[Event "World ol U16"]
[Site "Nakhchivan"]
[Date "2022.10.06"]
[Round "5.12"]
[White "Chen, Max"]
[Black "Seyid, Huseyn"]
[Result "0-1"]
[WhiteElo "2104"]
[BlackElo "2097"]
[PlyCount "84"]
[EventDate "2022.10.02"]
[EventType "team-swiss"]
[EventRounds "9"]
[EventCountry "AZE"]
[SourceTitle "CBM 210 Extra"]
[Source "ChessBase"]
[SourceDate "2022.11.30"]
[SourceVersion "1"]
[SourceVersionDate "2022.11.30"]
[SourceQuality "1"]
[WhiteTeam "Canada"]
[BlackTeam "Azerbaijan Nakhchivan"]
[WhiteTeamCountry "CAN"]
[BlackTeamCountry "AZE"]

1. e4 c5 2. c3 Nf6 3. e5 Nd5 4. d4 cxd4 5. Nf3 d6 6. cxd4 Nc6 7. Bc4 dxe5 8. dxe5 Be6 9. 0-0 g6 10. Qe2 Qc7 11. Rd1 Rd8 12. Bd2 Bg7 13. Nc3 Nxe5 14. Bxd5 Bxd5 15. Nxd5 Rxd5 16. Be3 Rxd1+ 17. Rxd1 Nxf3+ 18. Qxf3 0-0 19. h3 b6 20. Qe2 Rd8 21. Rxd8+ Qxd8 22. b4 h5 23. a4 Qd5 24. g3 Bc3 25. b5 Kg7 26. h4 e5 27. Qc2 Bd4 28. Bg5 Qf3 29. Kf1 Qh1+ 30. Ke2 Bxf2 31. Qc6 Qe1+ 32. Kd3 Qf1+ 33. Kd2 Bxg3 34. Kc2 Qf5+ 35. Kd1 Bxh4 36. Bd2 Qg4+ 37. Kc1 Qxa4 38. Qe8 Qc4+ 39. Kb2 Qe2 40. Kc1 Be1 41. Bg5 Qc4+ 42. Kd1 Qg4+ 0-1

[Event "World ol U16"]
[Site "Nakhchivan"]
[Date "2022.10.05"]
[Round "4.10"]
[White "Seyid, Huseyn"]
[Black "Wiratunga, Jenith"]
[Result "1-0"]
[WhiteElo "2097"]
[BlackElo "1741"]
[PlyCount "141"]
[EventDate "2022.10.02"]
[EventType "team-swiss"]
[EventRounds "9"]
[EventCountry "AZE"]
[SourceTitle "CBM 210 Extra"]
[Source "ChessBase"]
[SourceDate "2022.11.30"]
[SourceVersion "1"]
[SourceVersionDate "2022.11.30"]
[SourceQuality "1"]
[WhiteTeam "Azerbaijan Nakhchivan"]
[BlackTeam "Sri Lanka"]
[WhiteTeamCountry "AZE"]
[BlackTeamCountry "SRI"]

1. d4 Nf6 2. c4 e6 3. Nc3 Bb4 4. e3 0-0 5. Bd3 d5 6. Nf3 c5 7. 0-0 cxd4 8. exd4 dxc4 9. Bxc4 Nc6 10. a3 Be7 11. Re1 b6 12. Qd3 Bb7 13. Ba2 Qd7 14. Bg5 Rfd8 15. Rad1 a6 16. Ne2 Nd5 17. Bb1 g6 18. Bxe7 Qxe7 19. Nc3 Na5 20. Ne4 Rac8 21. Ba2 Nf6 22. Neg5 Nd5 23. h4 Nf4 24. Qe3 Qf6 25. Ne4 Qf5 26. Nfd2 Nd5 27. Qh6 Qh5 28. Qxh5 gxh5 29. b4 Nc6 30. Bxd5 exd5 31. Nf6+ Kf8 32. Nf3 Rd6 33. Nxh7+ Kg8 34. Nhg5 b5 35. Rc1 Kg7 36. g3 Rc7 37. Kg2 Rdd7 38. Nh3 a5 39. Rb1 axb4 40. axb4 Rd6 41. Nf4 Bc8 42. Nxh5+ Kh6 43. Nf4 Bf5 44. Rbc1 Ra7 45. Nxd5 Be6 46. Nf4 Bc4 47. Ne5 Nxe5 48. dxe5 Rd2 49. Red1 Rb2 50. Rd6+ Kh7 51. e6 fxe6 52. Nxe6 Raa2 53. Ng5+ Kg7 54. Nh3 Rxb4 55. Re1 Re2 56. Rxe2 Bxe2 57. Nf4 Bc4 58. Kf3 Rb2 59. Rd4 Bf7 60. Nd3 Rb3 61. Kf4 Bc4 62. Ne5 Bg8 63. Kg5 Ra3 64. Rd7+ Kf8 65. Rd8+ Kg7 66. h5 Ra6 67. h6+ Kh7 68. Rd7+ Kh8 69. Ng6+ Rxg6+ 70. Kxg6 b4 71. h7 1-0

[Event "World ol U16"]
[Site "Nakhchivan"]
[Date "2022.10.02"]
[Round "1.8"]
[White "Seyid, Huseyn"]
[Black "Hidalgo Diaz, Daniel"]
[Result "1/2-1/2"]
[WhiteElo "2097"]
[BlackElo "2315"]
[PlyCount "57"]
[EventDate "2022.10.02"]
[EventType "team-swiss"]
[EventRounds "9"]
[EventCountry "AZE"]
[SourceTitle "CBM 210 Extra"]
[Source "ChessBase"]
[SourceDate "2022.11.30"]
[SourceVersion "1"]
[SourceVersionDate "2022.11.30"]
[SourceQuality "1"]
[WhiteTeam "Azerbaijan Nakhchivan"]
[BlackTeam "Cuba"]
[WhiteTeamCountry "AZE"]
[BlackTeamCountry "CUB"]

1. d4 d5 2. c4 e6 3. Nf3 Nf6 4. Nc3 Be7 5. Bf4 0-0 6. e3 b6 7. Bd3 Bb7 8. cxd5 exd5 9. 0-0 c5 10. Rc1 Nbd7 11. Ne5 Nxe5 12. dxe5 Ne8 13. Qc2 h6 14. Rfd1 Nc7 15. Be4 Qd7 16. Rd2 Qe6 17. Bf3 b5 18. Rcd1 Rfd8 19. h3 a5 20. Ne2 Qb6 21. Bg3 c4 22. Nf4 Bb4 23. Rd4 Bc5 24. R4d2 Bb4 25. Rd4 Bc5 26. R4d2 Bb4 27. Rd4 Bc5 28. R4d2 Bb4 29. Rd4 1/2-1/2

[Event "Nakhchivan Premium 2"]
[Site "Nakhchivan"]
[Date "2022.01.16"]
[Round "3"]
[White "Seyid, Huseyn"]
[Black "Babayev, Talib"]
[Result "1-0"]
[WhiteElo "2098"]
[BlackElo "2258"]
[PlyCount "99"]
[EventDate "2022.01.14"]
[EventType "tourn"]
[EventRounds "11"]
[EventCountry "AZE"]
[SourceTitle "CBM 206 Extra"]
[Source "ChessBase"]
[SourceDate "2022.03.31"]
[SourceVersion "1"]
[SourceVersionDate "2022.03.31"]
[SourceQuality "1"]

1. e4 c6 2. d4 d5 3. exd5 cxd5 4. c4 Nf6 5. Nc3 Nc6 6. Nf3 Be6 7. c5 g6 8. Be2 Bg7 9. 0-0 0-0 10. Re1 Ne4 11. h3 b6 12. Bb5 Rc8 13. Qa4 Nxc3 14. bxc3 Na5 15. Rxe6 fxe6 16. Bd7 e5 17. Bxc8 Qxc8 18. dxe5 Qxc5 19. Be3 Qc7 20. Qg4 Qc8 21. Qh4 Nc6 22. Rd1 e6 23. Bf4 b5 24. Re1 Qd7 25. Nd4 Nxd4 26. cxd4 Rc8 27. Bg5 b4 28. Be7 a5 29. Bc5 Bf8 30. Rc1 Bxc5 31. dxc5 d4 32. Rc4 Qd8 33. Qg4 Qd5 34. Rxd4 Qxa2 35. Qh4 Rf8 36. Rd7 Qa1+ 37. Kh2 Qxe5+ 38. f4 Qh5 39. Qe7 Qh6 40. Qxe6+ Kh8 41. Qe5+ Kg8 42. c6 b3 43. Qd5+ Kh8 44. Qd4+ Kg8 45. Qc4+ Kh8 46. Qc3+ Kg8 47. Qxb3+ Kh8 48. Qc3+ Kg8 49. Qc4+ Kh8 50. c7 1-0

[Event "EU-ch Schools U15"]
[Site "Tornelo INT"]
[Date "2021.12.10"]
[Round "1"]
[White "Danilenko, Denis O"]
[Black "Seyid, Huseyn"]
[Result "1/2-1/2"]
[WhiteElo "2011"]
[BlackElo "2017"]
[PlyCount "65"]
[EventDate "2021.12.03"]
[EventType "swiss (rapid)"]
[EventRounds "7"]
[EventCountry "NET"]
[SourceTitle "EXT 2023"]
[Source "ChessBase"]
[SourceDate "2022.10.05"]
[SourceVersion "1"]
[SourceVersionDate "2022.10.05"]
[SourceQuality "1"]

1. d4 Nf6 2. c4 e6 3. Nf3 d5 4. Nc3 Be7 5. Bf4 0-0 6. e3 b6 7. Rc1 c5 8. cxd5 Nxd5 9. Nxd5 exd5 10. Be2 Nc6 11. 0-0 c4 12. Ne5 Bb7 13. Bf3 b5 14. Nxc6 Bxc6 15. h3 Bd6 16. Bxd6 Qxd6 17. Re1 f5 18. a3 a5 19. Qd2 Rfb8 20. Qc2 g6 21. Ra1 a4 22. Qc3 b4 23. axb4 Rxb4 24. Bd1 Rab8 25. Bc2 Qd7 26. Ra2 Qb7 27. Rb1 Bd7 28. h4 h5 29. g3 Qb6 30. Kg2 Qe6 31. Kg1 Qb6 32. Kg2 Qe6 33. Kg1 1/2-1/2

[Event "EU-ch Schools U15"]
[Site "Tornelo INT"]
[Date "2021.12.04"]
[Round "5"]
[White "Seyid, Huseyn"]
[Black "Safarov, Deniel"]
[Result "0-1"]
[WhiteElo "2017"]
[BlackElo "1880"]
[PlyCount "68"]
[EventDate "2021.12.03"]
[EventType "swiss (rapid)"]
[EventRounds "7"]
[EventCountry "NET"]
[SourceTitle "EXT 2023"]
[Source "ChessBase"]
[SourceDate "2022.10.05"]
[SourceVersion "1"]
[SourceVersionDate "2022.10.05"]
[SourceQuality "1"]

1. e4 g6 2. d4 Bg7 3. Nc3 d6 4. f4 a6 5. Nf3 b5 6. a3 Bb7 7. Bd3 Nd7 8. 0-0 c5 9. d5 Ngf6 10. h3 0-0 11. Be3 Qc7 12. g4 b4 13. axb4 cxb4 14. Na4 e6 15. dxe6 fxe6 16. Nd2 Rae8 17. Qe2 e5 18. f5 d5 19. g5 Nh5 20. f6 Bxf6 21. gxf6 Ng3 22. Qg2 Nxf1 23. Rxf1 Nxf6 24. b3 Kg7 25. Qg5 dxe4 26. Bc4 Qd6 27. Bc5 Qd7 28. Bxf8+ Rxf8 29. Kh2 Qd4 30. Qg2 Ba8 31. Qe2 e3 32. Nf3 Qf4+ 33. Kg1 Nh5 34. Nh2 Qg3+ 0-1

[Event "EU-ch Hybrid U14"]
[Site "Tornelo INT"]
[Date "2021.10.15"]
[Round "5"]
[White "Afonso, Joao Pedro"]
[Black "Seyid, Huseyn"]
[Result "0-1"]
[WhiteElo "1482"]
[BlackElo "1781"]
[PlyCount "60"]
[EventDate "2021.10.15"]
[EventType "swiss"]
[EventRounds "9"]
[EventCountry "NET"]
[SourceTitle "EXT 2023"]
[Source "ChessBase"]
[SourceDate "2022.10.05"]
[SourceVersion "1"]
[SourceVersionDate "2022.10.05"]
[SourceQuality "1"]
[WhiteTeam "Portugal"]
[BlackTeam "Azerbaijan"]
[WhiteTeamCountry "POR"]
[BlackTeamCountry "AZE"]

1. e4 c6 2. d4 d5 3. exd5 cxd5 4. Bd3 Nc6 5. c3 g6 6. Bf4 Bg7 7. Nf3 Nf6 8. Qc2 Nh5 9. Bg3 0-0 10. 0-0 Bg4 11. Nbd2 Nxg3 12. hxg3 f6 13. c4 Nb4 14. Qb3 Nxd3 15. Qxd3 Be6 16. Qe3 Bf7 17. Rac1 dxc4 18. Nxc4 Bd5 19. Qd3 Qd7 20. Ne3 Bxf3 21. gxf3 f5 22. Rfd1 f4 23. Nf1 fxg3 24. fxg3 Rad8 25. Qb3+ e6 26. d5 exd5 27. Rc5 Qf7 28. Rcxd5 Rxd5 29. Rxd5 Bxb2 30. Ne3 Bc1 0-1

[Event "EU-ch Hybrid U14"]
[Site "Tornelo INT"]
[Date "2021.10.15"]
[Round "1"]
[White "Zlatkov, Anton"]
[Black "Seyid, Huseyn"]
[Result "1-0"]
[WhiteElo "2154"]
[BlackElo "1781"]
[PlyCount "100"]
[EventDate "2021.10.15"]
[EventType "swiss"]
[EventRounds "9"]
[EventCountry "NET"]
[SourceTitle "EXT 2023"]
[Source "ChessBase"]
[SourceDate "2022.10.05"]
[SourceVersion "1"]
[SourceVersionDate "2022.10.05"]
[SourceQuality "1"]
[WhiteTeam "Macedonia"]
[BlackTeam "Azerbaijan"]
[WhiteTeamCountry "MKD"]
[BlackTeamCountry "AZE"]

1. e4 c6 2. d4 d5 3. exd5 cxd5 4. c4 Nf6 5. Nc3 g6 6. Qb3 Bg7 7. cxd5 0-0 8. Be2 Na6 9. Bf3 Qb6 10. Qxb6 axb6 11. Nge2 Nb4 12. 0-0 Rd8 13. d6 Rxd6 14. Bf4 Rd7 15. Rfd1 Nfd5 16. Nxd5 Nxd5 17. Bxd5 Rxd5 18. Rac1 Bf5 19. f3 h5 20. h3 Bf6 21. g4 hxg4 22. hxg4 Be6 23. a3 Rb5 24. Rd2 Rb3 25. Kf2 g5 26. Be3 Bd5 27. Nc3 Rd8 28. Ne4 Kg7 29. Rh1 Kg6 30. Rh5 Bxe4 31. fxe4 e5 32. d5 Be7 33. Rc2 f6 34. Rh3 Bc5 35. Re2 Rc8 36. Rf3 Bxe3+ 37. Rfxe3 Rxe3 38. Kxe3 Rc1 39. Kd3 Rg1 40. Kc4 Rg3 41. b4 Rxa3 42. Kb5 Kf7 43. Kxb6 Rb3 44. b5 Rb4 45. Rc2 Ke7 46. Kc7 Rxe4 47. d6+ Ke6 48. d7 Rd4 49. d8Q Rxd8 50. Kxd8 f5 1-0

[Event "Nakhchivan Premium"]
[Site "Nakhchivan"]
[Date "2021.03.29"]
[Round "8"]
[White "Seyid, Huseyn"]
[Black "Babayeva, Nasrin"]
[Result "1-0"]
[WhiteElo "1660"]
[BlackElo "1564"]
[PlyCount "55"]
[EventDate "2021.03.22"]
[EventType "tourn"]
[EventRounds "11"]
[EventCountry "AZE"]
[SourceTitle "CBM 202 Extra"]
[Source "ChessBase"]
[SourceDate "2021.07.31"]
[SourceVersion "1"]
[SourceVersionDate "2021.07.31"]
[SourceQuality "1"]

1. e4 e5 2. Nf3 Nf6 3. Nxe5 d6 4. Nf3 Nxe4 5. d4 d5 6. Bd3 Be7 7. 0-0 Bg4 8. c4 c6 9. Nc3 Nxc3 10. bxc3 0-0 11. Bf4 Bd6 12. Bxd6 Bxf3 13. Qxf3 Qxd6 14. c5 Qh6 15. Rfb1 b6 16. cxb6 axb6 17. Rxb6 Qd2 18. a4 Nd7 19. Rxc6 Nf6 20. a5 Rfc8 21. Rxc8+ Rxc8 22. a6 Qxc3 23. Bxh7+ Kxh7 24. Qxc3 Rxc3 25. a7 Rc8 26. a8Q Rxa8 27. Rxa8 Kg6 28. f3 1-0

[Event "Nakhchivan Premium"]
[Site "Nakhchivan"]
[Date "2021.03.25"]
[Round "4"]
[White "Seyid, Huseyn"]
[Black "Hasanzade, Toghrul Qasim Oglu"]
[Result "0-1"]
[WhiteElo "1660"]
[BlackElo "2322"]
[PlyCount "137"]
[EventDate "2021.03.22"]
[EventType "tourn"]
[EventRounds "11"]
[EventCountry "AZE"]
[SourceTitle "CBM 202 Extra"]
[Source "ChessBase"]
[SourceDate "2021.07.31"]
[SourceVersion "1"]
[SourceVersionDate "2021.07.31"]
[SourceQuality "1"]

1. e4 c6 2. d4 d5 3. exd5 cxd5 4. Bd3 Nc6 5. c3 g6 6. Bf4 Bg7 7. Nf3 Nh6 8. 0-0 0-0 9. Re1 f6 10. Nbd2 Nf7 11. Be3 e5 12. dxe5 fxe5 13. Bc5 e4 14. Bxf8 Qxf8 15. Nxe4 dxe4 16. Bxe4 Bg4 17. Qb3 Rb8 18. Ng5 Ncd8 19. Bd5 Bf6 20. Nxf7 Nxf7 21. Qc4 Bd7 22. Qc7 Qd8 23. Qf4 g5 24. Qe4 Qf8 25. Rad1 Kg7 26. Bxf7 Qxf7 27. Rd6 Bc6 28. Qf5 Re8 29. Rxe8 Bxe8 30. Qd5 Bc6 31. Qxf7+ Kxf7 32. Rd1 Ke6 33. f3 Bd5 34. Kf2 a5 35. a3 a4 36. Ke3 Bb3 37. Rd2 h5 38. Ke4 h4 39. f4 gxf4 40. Kxf4 Bd5 41. Re2+ Kf7 42. Rd2 Bc6 43. Kf5 Be7 44. Kg4 Ke6 45. g3 hxg3 46. hxg3 Ke5 47. Re2+ Be4 48. Rd2 Bc5 49. Rh2 Be3 50. Rh5+ Kd6 51. Rb5 Bc5 52. c4 Bc6 53. b4 axb3 54. Rxb3 Bd4 55. Kf5 Kc5 56. Ke6 Kxc4 57. Rb4+ Kc5 58. g4 Bd5+ 59. Ke7 Be3 60. Rb2 b5 61. Rc2+ Kd4 62. Kd6 Bf4+ 63. Kd7 Be4 64. Rb2 Kc5 65. Ke6 Bc1 66. Rb4 Bd3 67. Kf6 Bd2 68. Rb3 Kc4 69. g5 0-1

[Event "Nakhchivan Premium"]
[Site "Nakhchivan"]
[Date "2021.03.22"]
[Round "1"]
[White "Ahmadova, Yegana"]
[Black "Seyid, Huseyn"]
[Result "0-1"]
[WhiteElo "1421"]
[BlackElo "1660"]
[PlyCount "60"]
[EventDate "2021.03.22"]
[EventType "tourn"]
[EventRounds "11"]
[EventCountry "AZE"]
[SourceTitle "CBM 202 Extra"]
[Source "ChessBase"]
[SourceDate "2021.07.31"]
[SourceVersion "1"]
[SourceVersionDate "2021.07.31"]
[SourceQuality "1"]

1. e4 c6 2. d4 d5 3. exd5 cxd5 4. c4 Nf6 5. Nc3 e6 6. Nf3 Nc6 7. cxd5 exd5 8. Bd3 Be7 9. 0-0 Bg4 10. Be3 0-0 11. h3 Bh5 12. Be2 Ne4 13. Ne5 Bxe2 14. Nxe2 Rc8 15. Rc1 Bd6 16. Nxc6 bxc6 17. Bf4 Bxf4 18. Nxf4 Qf6 19. Ne2 Rfe8 20. f3 Nd6 21. b3 Nf5 22. Rf2 Re7 23. Qd2 Rce8 24. Qb4 h6 25. Rc2 Qg6 26. Qc5 Ne3 27. Rc1 Nf5 28. Rc2 Ng3 29. Nxg3 Qxg3 30. Rf1 Re2 0-1

[Event "EU-ch Online U14"]
[Site "Tornelo INT"]
[Date "2020.09.20"]
[Round "7"]
[White "Kosta, Kelvin"]
[Black "Seyid, Huseyn"]
[Result "1/2-1/2"]
[WhiteElo "1223"]
[BlackElo "1656"]
[PlyCount "122"]
[EventDate "2020.09.18"]
[EventType "swiss (rapid)"]
[EventRounds "9"]
[EventCountry "NET"]
[SourceTitle "EXT 2023"]
[Source "ChessBase"]
[SourceDate "2022.10.05"]
[SourceVersion "1"]
[SourceVersionDate "2022.10.05"]
[SourceQuality "1"]
[WhiteTeam "Albania"]
[BlackTeam "Azerbaijan"]
[WhiteTeamCountry "ALB"]
[BlackTeamCountry "AZE"]

1. e4 e6 2. Nf3 d5 3. exd5 exd5 4. d4 Bd6 5. Bd3 Ne7 6. h3 Nbc6 7. c3 Be6 8. Be3 Qd7 9. Nbd2 h6 10. Qc2 g5 11. 0-0-0 0-0-0 12. Qa4 Kb8 13. Nb3 Nc8 14. Nc5 Bxc5 15. dxc5 Qe8 16. Bb5 a6 17. Bxc6 Qxc6 18. Qxc6 bxc6 19. Bd4 Rhg8 20. Bf6 Rde8 21. Rd4 Bf5 22. Rb4+ Ka8 23. Be5 Re7 24. Nd4 Rg6 25. Bxc7 Rxc7 26. Nxf5 Rf6 27. g4 Ne7 28. Nxe7 Rxe7 29. Rf1 Re2 30. Rb6 Ka7 31. a3 Rf3 32. Rxc6 Rxh3 33. Rc7+ Kb8 34. Rxf7 Rd3 35. Rd1 Rxd1+ 36. Kxd1 Rxb2 37. Rf6 Ka7 38. Rxh6 Rxf2 39. Rg6 Ra2 40. Rxg5 Rxa3 41. Kc2 Ra2+ 42. Kb3 Rg2 43. Rg7+ Kb8 44. Kb4 Rb2+ 45. Ka5 Rb5+ 46. Kxa6 Rxc5 47. Kb6 Rxc3 48. Rg8+ Rc8 49. Rxc8+ Kxc8 50. Kc5 Kc7 51. Kxd5 Kd7 52. Ke5 Ke7 53. Kf5 Kf7 54. Kg5 Kg7 55. Kf5 Kf7 56. g5 Kg7 57. Ke5 Kg6 58. Kf4 Kg7 59. Kf5 Kf7 60. g6+ Kg7 61. Kg5 Kg8 1/2-1/2

[Event "EU-ch Online U14"]
[Site "Tornelo INT"]
[Date "2020.09.19"]
[Round "4"]
[White "Seyid, Huseyn"]
[Black "Ortiz Bogdanov, Pablo"]
[Result "1-0"]
[WhiteElo "1656"]
[BlackElo "1023"]
[PlyCount "101"]
[EventDate "2020.09.18"]
[EventType "swiss (rapid)"]
[EventRounds "9"]
[EventCountry "NET"]
[SourceTitle "EXT 2023"]
[Source "ChessBase"]
[SourceDate "2022.10.05"]
[SourceVersion "1"]
[SourceVersionDate "2022.10.05"]
[SourceQuality "1"]
[WhiteTeam "Azerbaijan"]
[BlackTeam "Luxembourg"]
[WhiteTeamCountry "AZE"]
[BlackTeamCountry "LUX"]

1. e4 e6 2. d4 d5 3. Nd2 c5 4. exd5 Qxd5 5. Ngf3 cxd4 6. Bc4 Qd7 7. Nb3 Nc6 8. Nbxd4 Nge7 9. 0-0 a6 10. a4 Nd5 11. Re1 Nxd4 12. Qxd4 Nb4 13. Qc3 Nd5 14. Qe5 Nb6 15. Bb3 Qc6 16. a5 Nc4 17. Qc3 Nd6 18. Ba4 Nb5 19. Qb3 Bd7 20. c4 Rc8 21. Ne5 Nd4 22. Bxc6 Nxb3 23. Bxd7+ Ke7 24. Bxc8 Nxa1 25. Bxb7 Nc2 26. Rd1 f6 27. Nc6+ Kf7 28. Rd7+ Kg6 29. Bxa6 Nb4 30. Nxb4 Bxb4 31. Bd2 Rb8 32. Bxb4 Rxb4 33. g3 Rxb2 34. Bb5 e5 35. a6 e4 36. a7 Ra2 37. Bc6 Ra1+ 38. Kg2 e3 39. a8Q Rxa8 40. Bxa8 e2 41. Re7 e1N+ 42. Rxe1 h5 43. c5 h4 44. c6 hxg3 45. c7 gxf2 46. Kxf2 f5 47. c8Q f4 48. Qg4+ Kh7 49. Qh5+ Kg8 50. Bd5+ Kf8 51. Qh8# 1-0

[Event "EU-ch Online U14"]
[Site "Tornelo INT"]
[Date "2020.09.19"]
[Round "6"]
[White "Seyid, Huseyn"]
[Black "Vastik, Lukas"]
[Result "1/2-1/2"]
[WhiteElo "1656"]
[BlackElo "1314"]
[PlyCount "127"]
[EventDate "2020.09.18"]
[EventType "swiss (rapid)"]
[EventRounds "9"]
[EventCountry "NET"]
[SourceTitle "EXT 2023"]
[Source "ChessBase"]
[SourceDate "2022.10.05"]
[SourceVersion "1"]
[SourceVersionDate "2022.10.05"]
[SourceQuality "1"]
[WhiteTeam "Azerbaijan"]
[BlackTeam "Slovakia"]
[WhiteTeamCountry "AZE"]
[BlackTeamCountry "SVK"]

1. e4 e5 2. Nf3 Nc6 3. Bb5 a6 4. Ba4 b5 5. Bb3 Bc5 6. c3 Nf6 7. d3 h6 8. 0-0 d6 9. h3 0-0 10. d4 exd4 11. cxd4 Bb6 12. Re1 d5 13. e5 Ne4 14. Nc3 Nxc3 15. bxc3 Be6 16. Qd3 f5 17. Nh2 Ne7 18. Ba3 Rf7 19. Bd1 g6 20. f4 Nc6 21. Qg3 Rg7 22. Nf3 a5 23. Rb1 b4 24. Bb2 bxc3 25. Bxc3 Nb4 26. a3 Nc6 27. Ba4 Nb8 28. Qf2 Qe7 29. Qb2 g5 30. fxg5 hxg5 31. Qb5 Nd7 32. Bb3 Qf7 33. Qc6 Re8 34. Rf1 Nb8 35. Qb5 Rd8 36. Bxa5 Bxa5 37. Qxa5 Qh5 38. Qd2 g4 39. hxg4 fxg4 40. Ne1 Rh7 41. Kf2 Rf8+ 42. Ke2 Rxf1 43. Kxf1 g3 44. Bd1 Qf5+ 45. Bf3 Rh1+ 46. Ke2 Qxb1 47. Qg5+ Kf8 48. Qd8+ Kg7 49. Qf6+ Kh7 50. Qe7+ Kh8 51. Qf6+ Kh7 52. Qe7+ Kh8 53. Qf6+ Kh7 54. Qe7+ Kh8 55. Qf6+ Kh7 56. Qe7+ Kh8 57. Qf6+ Kh7 58. Qe7+ Kh8 59. Qf6+ Kh7 60. Qe7+ Kh8 61. Qf6+ Kh7 62. Qe7+ Kh8 63. Qf6+ Kh7 64. Qe7+ 1/2-1/2